Gaming Quiz

Random Gaming or Nintendo Quiz

Video Game Taglines Quiz Stats

 Plays Quiz Updated Dec 23, 2018

     
Support Sporcle.
Go Orange.
Score 0/17 Timer 05:00
0 Plays Today
Tagline Video Game % Correct
Gotta catch 'em all!Pokémon
88.3%
You are Bond. James Bond.GoldenEye
83.3%
Welcome to Liberty City, where the only dirty word is hope.Grand Theft Auto IV
79.3%
It's the zombie apocalypse. Bring friends.Left 4 Dead
54.2%
Its dark. She's perfect.Perfect Dark
53.4%
Behold... Rapture.Bioshock
47.2%
Finish the fight.Halo 3
43%
Evil is Powerful. But Courage Is Solid.Metal Gear Solid 4
37.5%
The (GAME TITLE) are lubricated by the blood of soldiers.Gears of War
34.9%
Tagline Video Game % Correct
Nothing is true. Everything is permitted.Assassin's Creed
23%
To Conquer His Demons. To Avenge His Death. To Change His Fate.God of War
19.9%
The world's largest army of Super Heroes is under your control.Marvel Ultimate Alliance
18.8%
One giant step on mankind.Destroy All Humans
13.9%
Have ye what it takes?Legend of Zelda: Ocarina of Time
12.3%
Sinners welcome.Saint's Row
8%
You never know who you will run into next.Kingdom Hearts
5.3%
Pull the trigger.Gun
4.8%

From the Vault

More Last Names in Movies?

by JoeBeta

Movies 6m
Because these people weren't famous enough, they got a movie named after them too.
Remove Ads.
Support Sporcle.
Get the best of Sporcle when you Go Orange. This ad-free experience offers more features, more stats, and more fun while also helping to support Sporcle. Thank you for becoming a member.

Show Comments

Extras

Top Quizzes Today


Score Distribution

Your Account Isn't Verified!

In order to create a playlist on Sporcle, you need to verify the email address you used during registration. Go to your Sporcle Settings to finish the process.

Report this User

Report this user for behavior that violates our Community Guidelines.

Details: